01048 a2200157 45000010006000000050017000060080041000230030015000640400040000790800134001192450049002532640043003023000019003455050505003641000021008695942720260407155848.0260407a1969 arg spa dAR-UNSa-BCEJYS aAR-UNSa-BCEJYSbspacAR-UNSa-BCEJYS a338.2(82)xPolítica económica. Control de la economía. Gestión de la economía. Planificación económica en Argentina10aUna política de ingresos para la Argentina 1aBuenos Aires :bEdiciones Macchic1969 a144 p.c23 cm. a1. La política de ingresos – 2. La estabilización ineludible – 3. La fijación del salario – 4. Precios y ganancias – 5. El tipo de cambio y los precios agropecuarios – 6. La distribución del ingreso en la Argentina – 7. Los problemas de la redistribución de ingresos – 8. El concepto social en la redistribución de ingresos – 9. La renta pura y el progreso económico – 10. El salario real – 11. Criterios de remuneración – 12. Cantidad y calidad en el ingreso - 1 aAlemann, Juan E.